Radio jockey and TV anchoring : (Record no. 65430)

MARC details
000 -LEADER
fixed length control field 00778nam a22002297a 4500
005 - DATE AND TIME OF LATEST TRANSACTION
control field 20130325122317.0
010 ## - LCCN (DPL NO)
LC control number ENG-105040
020 ## - INTERNATIONAL STANDARD BOOK NUMBER
International Standard Book Number 9788181522610
Terms of availability 725.00
035 ## - SYSTEM CONTROL NUMBER
System control number EN-88573
035 ## - SYSTEM CONTROL NUMBER
System control number B-491743-747
037 ## - SOURCE OF ACQUISITION
Source of stock number/acquisition DBAD/PUB
037 ## - SOURCE OF ACQUISITION
Source of stock number/acquisition Prakashan Sansthan/Ven
082 ## - DEWEY DECIMAL CLASSIFICATION NUMBER
Classification number 791.4
100 ## - MAIN ENTRY--PERSONAL NAME
Personal name Gaur, Sanjay
245 ## - TITLE STATEMENT
Title Radio jockey and TV anchoring :
Statement of responsibility, etc by Sanjay Gaur
Remainder of title carrier opportunities /
260 ## - PUBLICATION, DISTRIBUTION, ETC. (IMPRINT)
Place of publication, distribution, etc Jaipur
Name of publisher, distributor, etc Book Enclave
Date of publication, distribution, etc 2009
270 ## - ADDRESS
Address Jain Bhawan, Opp. N.E.I., Shanti Nagar
City Jaipur
Postal code 302006
300 ## - PHYSICAL DESCRIPTION
Extent vi,239p.
Dimensions 22cm(Hb)
500 ## - GENERAL NOTE
General note Includes index
942 ## - ADDED ENTRY ELEMENTS (KOHA)
Source of classification or shelving scheme Dewey Decimal Classification
Item type English Books
Call number suffix GAU
Classification part 791.4
Holdings
Withdrawn status Lost status Not for loan Collection code Home library Current library Date acquired Source of acquisition Cost, normal purchase price Full call number Barcode Copy number Cost, replacement price Koha item type
      Non-fiction Central Library Central Library 25/03/2013 Prakashan Sansthan/411/11.01.2013/126/18.12.2012/18.01.2013 725.00 791.4 GAU B-491743 1 795.00 English Books
    Not For Loan Non-fiction D.B.Act.Division D.B.Act.Division 23/04/2012 DBAD/PUB 725.00 791.4 GAU EN-88573 1 725.00 English Books
      Non-fiction Janak Puri Janak Puri 25/03/2013 Prakashan Sansthan/411/11.01.2013/126/18.12.2012/18.01.2013 725.00 791.4 GAU B-491745 1 795.00 English Books
      Non-fiction Patel Nagar Patel Nagar 25/03/2013 Prakashan Sansthan/411/11.01.2013/126/18.12.2012/18.01.2013 725.00 791.4 GAU B-491744 1 795.00 English Books
      Non-fiction Sarojini Nagar Sarojini Nagar 25/03/2013 Prakashan Sansthan/411/11.01.2013/126/18.12.2012/18.01.2013 725.00 791.4 GAU B-491746 1 795.00 English Books
      Non-fiction Shahdara Branch Shahdara Branch 25/03/2013 Prakashan Sansthan/411/11.01.2013/126/18.12.2012/18.01.2013 725.00 791.4 GAU B-491747 1 795.00 English Books

© Delhi Public Library
Hit Counter
free hit counter